| 000 | 00335nam a22001337a 4500 | ||
|---|---|---|---|
| 008 | 181030b xxu||||| |||| 00| 0 eng d | ||
| 020 | _a9780205420193 | ||
| 041 | _aeng | ||
| 080 | _a316 | ||
| 100 | _a50 | ||
| 101 | _aSOC | ||
| 245 |
_aHuman Behavior And The Social Environmet Theory And Practice _cJoan.G |
||
| 942 |
_2udc _cBK |
||
| 999 |
_c51184 _d51184 |
||